书目信息 |
| 题名: |
把爱写进食谱
|
|
| 作者: | 帕特洛 作品 ;胡淑华 译 | |
| 分册: | ||
| 出版信息: | 北京 北京联合出版公司 2017.01 |
|
| 页数: | 265页 | |
| 开本: | 26cm | |
| 丛书名: | ||
| 单 册: | ||
| 中图分类: | TS972.18 , TS971.2(712) | |
| 科图分类: | ||
| 主题词: | 食谱--shi pu--美国 , 饮食--yin shi--文化--美国 | |
| 电子资源: | ||
| ISBN: | 978-7-5502-8616-0 | |
| 000 | 01089nam0 2200289 450 | |
| 001 | CAL 0120162040666 | |
| 005 | 20171211153610.79 | |
| 010 | @a978-7-5502-8616-0@b@dCNY62.00 | |
| 100 | @a20161226d2017 em y0chiy50 ea | |
| 101 | 1 | @achi@ceng@eeng |
| 102 | @aCN@b110000 | |
| 105 | @aa z 000yy | |
| 106 | @ar | |
| 200 | 1 | @a把爱写进食谱@Aba ai xie jin shi pu@d= My father's daughter@f(美) 格温妮丝·帕特洛作品@g胡淑华译@zeng |
| 210 | @a北京@c北京联合出版公司@d2017.01 | |
| 215 | @a265页@c彩图@d26cm | |
| 330 | @a这绝不是一本肤浅的明星写真书, 并非一本节食瘦身书, 也不是一本让你接受洗脑的心灵鸡汤。这是一本让你更好地做一个母亲、一个女儿、一个更好的自己的指南书。在本书中, 你会找到简单、健康而美味的菜肴的食谱。 | |
| 500 | 10 | @aMy father's daughter@mChinese |
| 606 | 0 | @a食谱@Ashi pu@y美国 |
| 606 | 0 | @a饮食@Ayin shi@x文化@y美国 |
| 690 | @aTS972.18@v5 | |
| 690 | @aTS971.2(712)@v5 | |
| 701 | 1 | @a帕特洛@Apa te luo@g(Paltrow, Gwyneth)@4作品 |
| 702 | 0 | @a胡淑华@Ahu shu hua@4译 |
| 801 | 0 | @aCN@b人天书店@c20161226@g |
| 905 | @aBZT@dTS972.18@e3 | |
| 906 | @dCNY62.00@n3@r1 | |
| 把爱写进食谱= My father's daughter/(美) 格温妮丝·帕特洛作品/胡淑华译.-北京:北京联合出版公司,2017.01 |
| 265页:彩图;26cm |
| ISBN 978-7-5502-8616-0:CNY62.00 |
| 这绝不是一本肤浅的明星写真书, 并非一本节食瘦身书, 也不是一本让你接受洗脑的心灵鸡汤。这是一本让你更好地做一个母亲、一个女儿、一个更好的自己的指南书。在本书中, 你会找到简单、健康而美味的菜肴的食谱。 |
| ● |
| 相关链接 |
|
|
|
正题名:把爱写进食谱
索取号:TS972.18/3
 
预约/预借
| 序号 | 登录号 | 条形码 | 馆藏地/架位号 | 状态 | 备注 |
| 1 | 833726 | 2000833726 | 第二书库/ [索取号:TS972.18/3] | 在馆 | |
| 2 | 833727 | 2000833727 | 第二书库/ [索取号:TS972.18/3] | 在馆 | |
| 3 | 833728 | 2000833728 | 第二书库/ [索取号:TS972.18/3] | 在馆 |